000 00307nam a2200121Ia 4500
008 220204s9999 xx 000 0 und d
020 _a8176638943
082 _a638.12
_bATW
100 _aAtwal, Avtar S
245 4 _aThe world of the honey bee
260 _aLudhiana
_bKalyani Publishers
_c2001
942 _cBK
999 _c42059
_d42059